vufinder Bibliothèque Municipale de Charleval de Provence
Se connecter
« Retourner aux résultats de recherche

Ténébris

Book Cover
Auteur principal: Patrick Sobral Auteur du texte
D'autres auteurs: Orpheelin
Support: Livres
Langue: Francais
Publié: 2019 Delcourt Lausanne
Series: Légendaires chroniques de Darkhell
Genre: Bande Dessinée enfant ado
Sujets:
Étiquettes: Ajouter
Pas de Tags !

LEADER 00646nam0a2200181 450
001 16832855
010 |a 978-2-413-00538-4  |b Br.  |d 10,95 € 
100 |a 20190710d2019 u u0frey01 ba 
101 0 |a fre 
200 0 |a Ténébris  |f Patrick Sobral, Orpheelin 
207 1 |a   
210 |a Lausanne  |b 27, rue de la Borde  |c Delcourt  |d 2019 
461 0 |t Légendaires chroniques de Darkhell  |v 1 
700 0 |a Sobral  |b Patrick  |c Auteur du texte  |f 1972-....  |4 90 
701 0 |a Orpheelin  |f 1979-....  |4 0 
900 |a Bande Dessinée enfant ado 
901 |a Accessible au prêt 
995 |a Bibliothèque  |c Bibliothèque  |f 024019993  |h 024019993  |k BD SOB  |o p  |q j  |r az  |e Bibliothèque 

Options de recherche

Historique de recherche
Recherche avancée

Trouver plus

Nouveautés

Besoin d'aide ?

Contacter un bibliothécaire